[Event "España ch sub-12 2012"]
[Site "Salobreña ESP"]
[Date "2012.07.04"]
[Round "5.10"]
[White "Represa Perez, Mireya"]
[Black "Plazuelo Pascual, Juan"]
[Result "1/2-1/2"]
[WhiteElo "1525"]
[BlackElo "1703"]
[PlyCount "67"]
[EventDate "2012.07.02"]
[EventType "swiss"]
[EventRounds "9"]
[EventCountry "ESP"]
[Source "lmi"]
[SourceDate "2012.07.02"]

1. e4 c5 2. Nc3 Nc6 3. f4 g6 4. Nf3 Bg7 5. Bb5 Nd4 6. Bd3 e6 7. Nxd4 cxd4 8.
Nb5 d6 9. c3 dxc3 10. bxc3 a6 11. Qa4 Kf8 12. Nxd6 Ne7 13. e5 Bd7 14. Qb3 Bc6
15. O-O Nc8 16. Ba3 Nxd6 17. Bxd6+ Kg8 18. Be2 Bf8 19. Bxf8 Kxf8 20. d4 Kg7 21.
a4 Rc8 22. Bf3 Qc7 23. Bxc6 Qxc6 24. Rac1 Rhd8 25. a5 Rd5 26. Qb6 Qxb6 27. axb6
Rb5 28. c4 Rxb6 29. d5 Rb4 30. dxe6 fxe6 31. c5 Kf7 32. Rf3 Ke7 33. g3 Rb5 34.
Rfc3 1/2-1/2

[Event "España ch sub-12 2012"]
[Site "Salobreña ESP"]
[Date "2012.07.04"]
[Round "5.11"]
[White "Iglesias Feijoo, Alberto"]
[Black "Sanchez Serrano, Emilio"]
[Result "1-0"]
[WhiteElo "1660"]
[BlackElo "1469"]
[PlyCount "103"]
[EventDate "2012.07.02"]
[EventType "swiss"]
[EventRounds "9"]
[EventCountry "ESP"]
[Source "lmi"]
[SourceDate "2012.07.02"]

1. e4 e6 2. d4 d5 3. Nc3 Nf6 4. Bg5 Be7 5. e5 Nfd7 6. Bxe7 Qxe7 7. Qg4 f5 8.
Qh5+ Qf7 9. Qxf7+ Kxf7 10. Nb5 Na6 11. Nf3 h6 12. c3 b6 13. Bd3 Bb7 14. h4 Rhc8
15. h5 Nab8 16. Nh4 Nf8 17. f3 a6 18. Na3 c5 19. g4 cxd4 20. cxd4 Nc6 21. Nc2
fxg4 22. fxg4 Ke7 23. O-O a5 24. Rf3 Ba6 25. Bxa6 Rxa6 26. Raf1 Nd8 27. Na3 Nh7
28. Ng6+ Kd7 29. Nf8+ Nxf8 30. Rxf8 Raa8 31. Kh2 Kc6 32. Rg8 b5 33. Rxg7 Kb6
34. Rf2 Nc6 35. Rd2 Rg8 36. Rxg8 Rxg8 37. Kh3 Rf8 38. Kg3 b4 39. Nc2 Kb5 40.
Rf2 Rxf2 41. Kxf2 Ne7 42. b3 a4 43. Kf3 axb3 44. axb3 Ka5 45. Kf4 Kb5 46. g5
hxg5+ 47. Kxg5 Nf5 48. h6 Nxd4 49. Nxd4+ Kc5 50. Nxe6+ Kc6 51. h7 Kd7 52. Nd4
1-0

[Event "España ch sub-12 2012"]
[Site "Salobreña ESP"]
[Date "2012.07.04"]
[Round "5.12"]
[White "Diez Villace, Victor"]
[Black "Aledo Yanguas, Javier"]
[Result "1-0"]
[WhiteElo "1521"]
[BlackElo "1654"]
[PlyCount "143"]
[EventDate "2012.07.02"]
[EventType "swiss"]
[EventRounds "9"]
[EventCountry "ESP"]
[Source "lmi"]
[SourceDate "2012.07.02"]

1. c4 c6 2. d3 d5 3. cxd5 cxd5 4. g3 e5 5. Bg2 Nf6 6. Nf3 Nc6 7. O-O g6 8. Bg5
Bg7 9. Nc3 Be6 10. Nd2 O-O 11. Nb3 b6 12. d4 e4 13. e3 Qd7 14. Bxf6 Bxf6 15. h3
Rfd8 16. Kh2 Nb4 17. Qd2 Nc6 18. Qe2 Rac8 19. a3 Be7 20. Rac1 f5 21. Rg1 Rf8
22. Qf1 Rf7 23. Ne2 Bd6 24. Nf4 Bxf4 25. gxf4 Rcf8 26. Qb5 Ne5 27. Qxd7 Nxd7
28. Rc7 Nf6 29. Rgc1 Rxc7 30. Rxc7 Rf7 31. Rxf7 Kxf7 32. f3 Ke7 33. fxe4 dxe4
34. Nd2 Nd5 35. Nf1 Bd7 36. Kg3 b5 37. Kf2 b4 38. Nd2 h6 39. Bf1 Kf6 40. Bc4
Ke6 41. axb4 a6 42. Nb3 Bb5 43. Nc5+ Kd6 44. Bxb5 axb5 45. h4 Nxb4 46. Ke2 Kd5
47. b3 Nc6 48. Nd7 Na5 49. Nc5 Nc6 50. Kd2 Nb4 51. Nd7 Nc6 52. Ne5 Nxe5 53.
dxe5 b4 54. h5 g5 55. fxg5 Kxe5 56. g6 Kf6 57. Ke2 Kg7 58. Kf2 Kf6 59. Kg2 Ke7
60. Kg3 Ke6 61. Kf4 Kf6 62. g7 Kxg7 63. Kxf5 Kf7 64. Kxe4 Ke6 65. Kd4 Kf5 66.
e4+ Kg5 67. e5 Kxh5 68. e6 Kg6 69. Kd5 h5 70. Kd6 h4 71. e7 Kf7 72. Kd5 1-0

[Event "España ch sub-12 2012"]
[Site "Salobreña ESP"]
[Date "2012.07.04"]
[Round "5.14"]
[White "Roldan Marques, Daniel"]
[Black "Cirera Sancho, Alberto"]
[Result "0-1"]
[WhiteElo "1513"]
[BlackElo "1629"]
[PlyCount "82"]
[EventDate "2012.07.02"]
[EventType "swiss"]
[EventRounds "9"]
[EventCountry "ESP"]
[Source "lmi"]
[SourceDate "2012.07.02"]

1. d4 d5 2. Nf3 Nf6 3. c4 e6 4. Bg5 Be7 5. Nc3 O-O 6. e3 a6 7. Rc1 h6 8. Bh4
dxc4 9. Bxc4 b5 10. Bd3 Bb7 11. O-O Nbd7 12. Qe2 c5 13. Rfd1 Qb6 14. Ne5 Rfe8
15. Nxd7 Nxd7 16. Bxe7 Rxe7 17. Be4 Rc8 18. Qf3 Bxe4 19. Nxe4 Rc6 20. Rd2 Re8
21. Rdc2 Rec8 22. h3 Kf8 23. Kh2 cxd4 24. Rxc6 Rxc6 25. Rxc6 Qxc6 26. exd4 f5
27. Nc5 Qxf3 28. gxf3 Nxc5 29. dxc5 b4 30. Kg3 e5 31. Kg2 Ke7 32. Kf1 Kd7 33.
Ke2 Kc6 34. Kd3 Kxc5 35. b3 Kd5 36. Ke3 f4+ 37. Kd3 g5 38. Kd2 Kd4 39. Kc2 e4
40. Kd2 exf3 41. Kc2 h5 0-1

[Event "España ch sub-12 2012"]
[Site "Salobreña ESP"]
[Date "2012.07.04"]
[Round "5.15"]
[White "Redondo Benavente, Ana Del Carmen"]
[Black "Ortin Blanco, Ainhoa"]
[Result "1-0"]
[WhiteElo "1419"]
[BlackElo "1605"]
[PlyCount "131"]
[EventDate "2012.07.02"]
[EventType "swiss"]
[EventRounds "9"]
[EventCountry "ESP"]
[Source "lmi"]
[SourceDate "2012.07.02"]

1. e4 c5 2. Nc3 Nc6 3. g3 g6 4. Bg2 Bg7 5. d3 e6 6. f4 Nge7 7. Nf3 O-O 8. O-O
Rb8 9. Be3 Nd4 10. Qd2 b5 11. Nd1 b4 12. c3 Nxf3+ 13. Bxf3 bxc3 14. bxc3 Qa5
15. d4 Ba6 16. Re1 cxd4 17. Bxd4 Bxd4+ 18. Qxd4 Nc6 19. Qf6 Qc5+ 20. Kh1 Bd3
21. Ne3 Qe7 22. Ng4 h5 23. Qxe7 Nxe7 24. Nf6+ Kg7 25. Nxd7 Rb2 26. Nxf8 Kxf8
27. Bd1 Ng8 28. Re3 Bc4 29. Bb3 Bxb3 30. axb3 Rxb3 31. Rxa7 Rb1+ 32. Kg2 Rc1
33. Rc7 Nf6 34. Kf3 Kg7 35. Rc6 Ne8 36. c4 Nf6 37. Rd3 Rc2 38. Rc7 Ng8 39. e5
Nf6 40. c5 Ng8 41. c6 Nh6 42. Rdd7 Ng8 43. Rd3 Nh6 44. h3 Ng8 45. g4 hxg4+ 46.
hxg4 Nh6 47. Rc8 Ng8 48. Rd7 Rc3+ 49. Ke2 Rc4 50. c7 Rc6 51. Rxg8+ Kxg8 52.
Rd8+ Kg7 53. c8=Q Rxc8 54. Rxc8 Kh6 55. Kf3 Kg7 56. Rc7 Kg8 57. f5 exf5 58.
gxf5 gxf5 59. Kf4 Kg7 60. Kxf5 Kg8 61. Kf6 Kf8 62. Rxf7+ Ke8 63. Rh7 Kd8 64. e6
Kc8 65. e7 Kb8 66. e8=Q# 1-0

[Event "España ch sub-12 2012"]
[Site "Salobreña ESP"]
[Date "2012.07.04"]
[Round "5.16"]
[White "Castillo Dalmau, Albert"]
[Black "Martin Perez, Pau"]
[Result "1-0"]
[WhiteElo "1466"]
[BlackElo "1562"]
[PlyCount "93"]
[EventDate "2012.07.02"]
[EventType "swiss"]
[EventRounds "9"]
[EventCountry "ESP"]
[Source "lmi"]
[SourceDate "2012.07.02"]

1. c4 Nf6 2. g3 g6 3. Bg2 Bg7 4. Nc3 d6 5. d3 O-O 6. e3 c5 7. Nge2 e6 8. O-O
Nbd7 9. a3 Rb8 10. b4 d5 11. bxc5 Nxc5 12. d4 Nce4 13. cxd5 Nxc3 14. Nxc3 exd5
15. a4 a6 16. Ba3 Re8 17. Qb3 Be6 18. Rfc1 Qd7 19. Rab1 Rec8 20. a5 Rc6 21. Na4
Rxc1+ 22. Rxc1 Ne4 23. Nb6 Qd8 24. Qc2 Bf5 25. Qc7 Qxc7 26. Rxc7 Bf8 27. Bxf8
Kxf8 28. Nxd5 Nd6 29. Nb6 Kg7 30. Nd7 Ra8 31. Nc5 Ra7 32. Nxb7 Nxb7 33. Rxb7
Rxb7 34. Bxb7 Bd3 35. Bg2 Bf5 36. Kf1 Kf6 37. Ke2 Bc8 38. Kd3 Ke6 39. Kc4 Kd6
40. e4 f6 41. f4 h6 42. e5+ fxe5 43. fxe5+ Ke7 44. d5 g5 45. d6+ Kd8 46. Kc5
Kd7 47. Bh3+ 1-0

[Event "España ch sub-12 2012"]
[Site "Salobreña ESP"]
[Date "2012.07.04"]
[Round "5.17"]
[White "Perez Garcia, Alejandro"]
[Black "Perez Barroso, Miguel"]
[Result "1-0"]
[WhiteElo "1902"]
[BlackElo "1544"]
[PlyCount "157"]
[EventDate "2012.07.02"]
[EventType "swiss"]
[EventRounds "9"]
[EventCountry "ESP"]
[Source "lmi"]
[SourceDate "2012.07.02"]

1. d4 d5 2. Nf3 Nf6 3. e3 a6 4. c4 c6 5. Nc3 Bf5 6. Be2 e6 7. O-O Nbd7 8. b3
Be7 9. Bb2 Ne4 10. Nxe4 Bxe4 11. Nd2 Bg6 12. f4 O-O 13. Kh1 Rc8 14. c5 Nf6 15.
b4 h6 16. a4 Qd7 17. Nf3 Qe8 18. Ne5 Bh7 19. b5 axb5 20. axb5 Nd7 21. Nxd7 Qxd7
22. b6 Ra8 23. Qb3 Rfb8 24. Rxa8 Rxa8 25. Ra1 Qc8 26. Ra4 Kf8 27. Qa2 Rb8 28.
Ra7 f6 29. Qb3 Ke8 30. h3 Be4 31. Kg1 Kf8 32. Qa3 Bg6 33. Kh2 Be8 34. Bc3 Bd7
35. f5 exf5 36. Be1 f4 37. exf4 f5 38. Qe3 Bf6 39. Bf2 Qe8 40. Qd2 Bc8 41. Bf3
Be6 42. Be2 Qe7 43. Qa2 Qd8 44. g4 g6 45. gxf5 Bxf5 46. Bg4 Kf7 47. Qa6 Qc8 48.
Bxf5 gxf5 49. Qe2 Kg7 50. Ra3 Qd7 51. Re3 Rf8 52. Re6 Rf7 53. Rd6 Qe7 54. Qf3
Qe4 55. Qg3+ Kh7 56. Qe3 Qxe3 57. Bxe3 Kg6 58. Kg3 h5 59. Kf3 h4 60. Bf2 Kh5
61. Re6 Kg6 62. Bxh4 Kg7 63. Bxf6+ Rxf6 64. Re7+ Rf7 65. Re5 Kg6 66. Re6+ Kh5
67. Re8 Kh6 68. Kg3 Rg7+ 69. Kh4 Kg6 70. Re6+ Kf7 71. Rd6 Kg8 72. Rf6 Rh7+ 73.
Kg5 Rxh3 74. Kxf5 Rd3 75. Ke5 Re3+ 76. Kd6 Re4 77. Kc7 Re7+ 78. Kc8 Kg7 79. Rd6
1-0

[Event "España ch sub-12 2012"]
[Site "Salobreña ESP"]
[Date "2012.07.04"]
[Round "5.18"]
[White "Lechuga Cabrero, Luis Miguel"]
[Black "Ferreiro Solla, Pablo"]
[Result "1-0"]
[WhiteElo "1712"]
[BlackElo "1517"]
[PlyCount "95"]
[EventDate "2012.07.02"]
[EventType "swiss"]
[EventRounds "9"]
[EventCountry "ESP"]
[Source "lmi"]
[SourceDate "2012.07.02"]

1. e4 c5 2. Nf3 e6 3. c3 Nc6 4. d4 d5 5. exd5 exd5 6. Be2 Nf6 7. O-O Be7 8. Bg5
O-O 9. Bxf6 Bxf6 10. dxc5 Be6 11. Nd4 Rc8 12. Nxe6 fxe6 13. Bg4 Qd7 14. Re1 Ne5
15. Bh3 g5 16. b4 Rce8 17. Qe2 Qg7 18. g3 g4 19. Bg2 Qg6 20. a4 Bg7 21. Rd1
Nf3+ 22. Bxf3 gxf3 23. Qd3 Qh5 24. Ra3 Rf6 25. c4 Qh3 26. Qf1 Qxf1+ 27. Kxf1
Rd8 28. cxd5 Rxd5 29. Rxd5 exd5 30. Rd3 Rf5 31. Nd2 Kf7 32. Rxf3 Ke6 33. Rxf5
Kxf5 34. Ke2 Bc3 35. b5 Bb4 36. Nb3 Ke5 37. Kd3 Be1 38. f4+ Ke6 39. Nd2 Bf2 40.
Nf3 h6 41. Nd4+ Kd7 42. g4 Bg1 43. h3 a6 44. b6 Bh2 45. f5 Be5 46. Ne6 Kc6 47.
h4 Bf6 48. g5 1-0

[Event "España ch sub-12 2012"]
[Site "Salobreña ESP"]
[Date "2012.07.04"]
[Round "5.19"]
[White "Martin Cabrerizo, Francisco David"]
[Black "Puga Sanchez, Miguel"]
[Result "0-1"]
[WhiteElo "1503"]
[BlackElo "1670"]
[PlyCount "56"]
[EventDate "2012.07.02"]
[EventType "swiss"]
[EventRounds "9"]
[EventCountry "ESP"]
[Source "lmi"]
[SourceDate "2012.07.02"]

1. e4 e5 2. Bc4 Nf6 3. d3 Bc5 4. Nc3 c6 5. Nf3 d6 6. h3 O-O 7. O-O h6 8. Qe2 a5
9. Bb3 Be6 10. Be3 Bb6 11. Rad1 Nbd7 12. d4 Bxb3 13. axb3 Qc7 14. Nh4 Rfe8 15.
Nf5 exd4 16. Bxd4 d5 17. Bxb6 Qxb6 18. Qf3 Ne5 19. Qe2 dxe4 20. Nxe4 Nxe4 21.
Qxe4 Rad8 22. Qf4 Qc5 23. Rfe1 Rxd1 24. Rxd1 Qxc2 25. Qd4 Qxf5 26. Qe3 Qe6 27.
Qc3 Ng6 28. Kf1 Qe2+ 0-1

[Event "España ch sub-12 2012"]
[Site "Salobreña ESP"]
[Date "2012.07.04"]
[Round "5.20"]
[White "Povill Claros, Xavier"]
[Black "Soto Martin, Miguel"]
[Result "1-0"]
[WhiteElo "1630"]
[BlackElo "1470"]
[PlyCount "139"]
[EventDate "2012.07.02"]
[EventType "swiss"]
[EventRounds "9"]
[EventCountry "ESP"]
[Source "lmi"]
[SourceDate "2012.07.02"]

1. e4 e5 2. Nf3 Nc6 3. Bb5 Bc5 4. c3 Nge7 5. d4 exd4 6. cxd4 Bb4+ 7. Bd2 Bxd2+
8. Nbxd2 d5 9. e5 O-O 10. Nf1 Bg4 11. Be2 f6 12. exf6 Rxf6 13. Ne3 Bh5 14. O-O
Qe8 15. Nc2 Qg6 16. Ne5 Bxe2 17. Nxg6 Bxd1 18. Nxe7+ Nxe7 19. Raxd1 Raf8 20.
Rd3 Nf5 21. Rb3 Nd6 22. Rd3 Ne4 23. f3 Nd6 24. Ne3 c6 25. Ng4 Rf4 26. Ne3 Nb5
27. Nc2 Re8 28. Kf2 Rh4 29. Rh1 Rh6 30. h3 Rhe6 31. Re1 Rxe1 32. Nxe1 Nd6 33.
b3 Kf7 34. Nc2 Ke7 35. Re3+ Kd7 36. Rxe8 Nxe8 37. Ke3 Ke6 38. Ne1 b6 39. Nd3
Nd6 40. Nf4+ Kf5 41. g4+ Kf6 42. h4 h6 43. h5 Nb5 44. Nd3 Nd6 45. Nb4 c5 46.
Nxd5+ Ke6 47. Nf4+ Kf6 48. dxc5 bxc5 49. Nd3 Nb7 50. Ke4 Ke6 51. b4 cxb4 52.
Nxb4 Nd8 53. Nd3 Nc6 54. Nc5+ Kd6 55. Nb3 Ke6 56. Nd4+ Nxd4 57. Kxd4 Kd6 58. f4
Ke6 59. Ke4 Kf6 60. Kd5 a5 61. a4 Kf7 62. Kc6 Ke6 63. Kb5 Kd5 64. Kxa5 Ke4 65.
Kb6 Kxf4 66. a5 Kxg4 67. Kc5 Kg3 68. Kd4 Kh3 69. Ke3 Kh4 70. Ke4 1-0

[Event "España ch sub-12 2012"]
[Site "Salobreña ESP"]
[Date "2012.07.04"]
[Round "5.21"]
[White "Galiana Fernandez, Adrian"]
[Black "Motos Abellan, Daniel"]
[Result "1-0"]
[WhiteElo "1470"]
[BlackElo "1620"]
[PlyCount "79"]
[EventDate "2012.07.02"]
[EventType "swiss"]
[EventRounds "9"]
[EventCountry "ESP"]
[Source "lmi"]
[SourceDate "2012.07.02"]

1. e4 e6 2. d4 d5 3. e5 c5 4. c3 Nc6 5. Nf3 Qb6 6. a3 cxd4 7. cxd4 Nge7 8. b4
Ng6 9. Bb2 Be7 10. Nbd2 O-O 11. Nb3 a6 12. Bd3 Nf4 13. Bf1 Bd7 14. Qd2 Ng6 15.
Bd3 Rac8 16. O-O Rc7 17. Rfe1 Rfc8 18. Bxg6 hxg6 19. Qf4 Na7 20. Nc5 Bb5 21.
Ng5 Bxg5 22. Qxg5 Qc6 23. h4 Qe8 24. h5 b6 25. Nb3 Rc2 26. Rab1 Ba4 27. Nc1
gxh5 28. Re3 Qf8 29. Qxh5 g6 30. Rg3 Rxb2 31. Rxb2 Rxc1+ 32. Kh2 Qg7 33. Qg5
Rc8 34. Rh3 Nb5 35. Rd2 Nc3 36. f3 b5 37. Rd3 Bc2 38. Rxc3 Rxc3 39. Qd8+ Qf8
40. Rh8+ 1-0

[Event "España ch sub-12 2012"]
[Site "Salobreña ESP"]
[Date "2012.07.04"]
[Round "5.22"]
[White "Garcia Sancho, Josep"]
[Black "Guerrero Orihuela, Jose Luis"]
[Result "0-1"]
[WhiteElo "1614"]
[BlackElo "1491"]
[PlyCount "106"]
[EventDate "2012.07.02"]
[EventType "swiss"]
[EventRounds "9"]
[EventCountry "ESP"]
[Source "lmi"]
[SourceDate "2012.07.02"]

1. c4 c5 2. Nf3 Nf6 3. g3 b6 4. Bg2 Bb7 5. O-O e6 6. Nc3 Be7 7. d3 O-O 8. Bf4
d6 9. Qc2 a6 10. a3 Nc6 11. Rfd1 Qc7 12. Rab1 e5 13. Bd2 Nd4 14. Nxd4 Bxg2 15.
Kxg2 cxd4 16. Ne4 Nxe4 17. dxe4 Rac8 18. Rbc1 b5 19. b3 f5 20. Qd3 Qb7 21. f3
fxe4 22. fxe4 bxc4 23. Rxc4 Rxc4 24. Qxc4+ Kh8 25. Qd5 Qxd5 26. exd5 Rb8 27.
Rc1 Kg8 28. b4 Rb5 29. Rc7 Kf8 30. Rc6 Rxd5 31. Rxa6 e4 32. a4 e3 33. Be1 d3
34. exd3 Rxd3 35. Kf3 d5 36. Ke2 Rb3 37. b5 d4 38. Rc6 Bb4 39. Bxb4+ Rxb4 40.
Rd6 Rb2+ 41. Ke1 Rb4 42. b6 Ke7 43. Rd5 Ke6 44. Rd8 Ke5 45. Re8+ Kd5 46. a5 Kc6
47. Rc8+ Kb7 48. Rd8 Ra4 49. Rd5 Kc6 50. Rd8 Rb4 51. Rc8+ Kd5 52. a6 Ke4 53. b7
Rb1+ 0-1

[Event "España ch sub-12 2012"]
[Site "Salobreña ESP"]
[Date "2012.07.04"]
[Round "5.23"]
[White "Bover De La Cruz, Pol"]
[Black "Llaneza Mendez, Javier"]
[Result "1/2-1/2"]
[WhiteElo "1613"]
[BlackElo "1468"]
[PlyCount "105"]
[EventDate "2012.07.02"]
[EventType "swiss"]
[EventRounds "9"]
[EventCountry "ESP"]
[Source "lmi"]
[SourceDate "2012.07.02"]

1. e4 e5 2. Nf3 Nc6 3. Bb5 a6 4. Ba4 Nf6 5. O-O b5 6. Bb3 Be7 7. Re1 d6 8. c3
O-O 9. d4 Bg4 10. Bg5 exd4 11. cxd4 Bxf3 12. gxf3 Na5 13. Bc2 c5 14. d5 Nxd5
15. exd5 Bxg5 16. Nc3 Nb7 17. Ne4 Bf6 18. Qd3 g6 19. Nxf6+ Qxf6 20. b3 Rfe8 21.
Kh1 Re5 22. Rg1 Rae8 23. Qc3 Qd8 24. Rg2 Qe7 25. Rag1 Re1 26. f4 Rxg1+ 27. Rxg1
Qe2 28. f5 Qh5 29. fxg6 Qxd5+ 30. f3 Qd4 31. gxh7+ Kh8 32. Qxd4+ cxd4 33. Rd1
a5 34. Be4 Nc5 35. Bc6 Re2 36. Bxb5 Rxa2 37. Rxd4 Kxh7 38. Rxd6 Nxb3 39. Bc4
Ra1+ 40. Kg2 a4 41. Bxf7 Nc1 42. Ra6 a3 43. Kg3 a2 44. h4 Ne2+ 45. Kg2 Rg1+ 46.
Kf2 a1=Q 47. Rxa1 Rxa1 48. Kxe2 Kg7 49. Bd5 Rh1 50. Ke3 Rxh4 51. Be4 Kf6 52.
Kf2 Ke5 53. Ke3 1/2-1/2

[Event "España ch sub-12 2012"]
[Site "Salobreña ESP"]
[Date "2012.07.05"]
[Round "6.1"]
[White "Bayo Milagro, Alvaro"]
[Black "Porta Tovar, Guillem"]
[Result "1/2-1/2"]
[WhiteElo "1856"]
[BlackElo "1846"]
[PlyCount "59"]
[EventDate "2012.07.02"]
[EventType "swiss"]
[EventRounds "9"]
[EventCountry "ESP"]
[Source "lmi"]
[SourceDate "2012.07.02"]

1. e4 e5 2. Nf3 Nc6 3. Bc4 Bc5 4. c3 Nf6 5. d3 d6 6. b4 Bb6 7. a4 a6 8. Be3 Be6
9. Ba2 Bxa2 10. Rxa2 d5 11. Bxb6 dxe4 12. dxe4 Qxd1+ 13. Kxd1 cxb6 14. Re1 O-O
15. Kc2 Rfc8 16. Kb3 Rd8 17. Rd2 Ne8 18. Red1 f6 19. Na3 Rxd2 20. Rxd2 Rd8 21.
Nc4 b5 22. axb5 axb5 23. Na5 Rxd2 24. Nxd2 Nd6 25. f3 Kf7 26. Kc2 Nxa5 27. bxa5
Ke7 28. Kb3 Kd7 29. Kb4 Kc6 30. h3 1/2-1/2

[Event "España ch sub-12 2012"]
[Site "Salobreña ESP"]
[Date "2012.07.05"]
[Round "6.2"]
[White "Muñoz Pelaez, Manuel"]
[Black "Orantes Taboada, Francisco"]
[Result "1/2-1/2"]
[WhiteElo "1805"]
[BlackElo "1688"]
[PlyCount "59"]
[EventDate "2012.07.02"]
[EventType "swiss"]
[EventRounds "9"]
[EventCountry "ESP"]
[Source "lmi"]
[SourceDate "2012.07.02"]

1. e4 c5 2. Nf3 Nc6 3. d4 cxd4 4. Nxd4 e5 5. Nb5 a6 6. Nd6+ Bxd6 7. Qxd6 Qf6 8.
Qxf6 Nxf6 9. Nc3 Nb4 10. Bd3 d6 11. a3 Nxd3+ 12. cxd3 Be6 13. f4 Rd8 14. h3 Nd7
15. b4 Rc8 16. Bb2 O-O 17. Rf1 f6 18. Kd2 Nb6 19. g4 exf4 20. Rxf4 d5 21. Re1
dxe4 22. Rfxe4 Bb3 23. Rc1 Rfd8 24. Ke3 Na4 25. Nxa4 Rxc1 26. Bxc1 Bxa4 27. Rd4
Rxd4 28. Kxd4 Kf7 29. g5 g6 30. gxf6 1/2-1/2

[Event "España ch sub-12 2012"]
[Site "Salobreña ESP"]
[Date "2012.07.05"]
[Round "6.3"]
[White "Roma Barge, Gabriel"]
[Black "Jimenez Vado, Yvan"]
[Result "0-1"]
[WhiteElo "1735"]
[BlackElo "1739"]
[PlyCount "136"]
[EventDate "2012.07.02"]
[EventType "swiss"]
[EventRounds "9"]
[EventCountry "ESP"]
[Source "lmi"]
[SourceDate "2012.07.02"]

1. e4 c5 2. Nf3 d6 3. Bc4 Nc6 4. d4 cxd4 5. c3 d3 6. Bxd3 g6 7. c4 Bg7 8. Nc3
Nf6 9. h3 O-O 10. O-O Bd7 11. Be3 Rc8 12. Qe2 Ne8 13. Rac1 Nc7 14. Nd2 Ne6 15.
f4 Ncd4 16. Qf2 Nc5 17. Bb1 Nc6 18. Kh1 b6 19. Nf3 Be6 20. Nd5 Bxd5 21. cxd5
Nb8 22. Bd4 Bxd4 23. Nxd4 Qd7 24. f5 Nb7 25. fxg6 hxg6 26. Rxc8 Qxc8 27. Qh4
Qc4 28. Qf2 Nc5 29. b3 Qa6 30. Ne6 Nxe6 31. dxe6 Kg7 32. exf7 Nd7 33. Kg1 Ne5
34. Qh4 Rxf7 35. Rxf7+ Kxf7 36. Qf2+ Kg7 37. Qf1 Qa5 38. Qc1 Qc5+ 39. Qxc5 dxc5
40. Kf2 g5 41. g3 b5 42. Ke3 Kf6 43. Bc2 Nc6 44. Bd3 a6 45. Bf1 e5 46. Kf3 Nb4
47. a4 Nc6 48. Ke3 Nd4 49. h4 Kg6 50. hxg5 Kxg5 51. Be2 Nxe2 52. Kxe2 Kg4 53.
Kf2 bxa4 54. bxa4 c4 55. a5 c3 56. Ke2 Kxg3 57. Kd3 Kf4 58. Kxc3 Kxe4 59. Kc4
Kf5 60. Kc5 e4 61. Kb6 e3 62. Kxa6 e2 63. Kb7 e1=Q 64. a6 Qb4+ 65. Ka8 Qe4+ 66.
Kb8 Qe5+ 67. Kc8 Qc5+ 68. Kb7 Qb5+ 0-1

[Event "España ch sub-12 2012"]
[Site "Salobreña ESP"]
[Date "2012.07.05"]
[Round "6.4"]
[White "Lopez Mulet, Iñigo"]
[Black "Larraga Navarro, Adrian"]
[Result "1-0"]
[WhiteElo "1957"]
[BlackElo "1646"]
[PlyCount "71"]
[EventDate "2012.07.02"]
[EventType "swiss"]
[EventRounds "9"]
[EventCountry "ESP"]
[Source "lmi"]
[SourceDate "2012.07.02"]

1. d4 Nf6 2. c4 g6 3. f3 Bg7 4. e4 d6 5. Nc3 O-O 6. Nge2 Nbd7 7. Be3 e5 8. Qd2
exd4 9. Nxd4 Ne5 10. Be2 Qe7 11. Bg5 Qe8 12. g4 Be6 13. b3 c5 14. Ndb5 Qd7 15.
O-O-O Ne8 16. Nd5 f6 17. Be3 a6 18. Nbc3 Rd8 19. Rdg1 Nc7 20. Nxc7 Qxc7 21. f4
Nc6 22. h4 Nd4 23. f5 Nxe2+ 24. Qxe2 Qa5 25. Qd2 Bf7 26. h5 g5 27. h6 Bh8 28.
Re1 Rfe8 29. Kb2 Qb6 30. Qd3 Qc6 31. Bf2 Rb8 32. Bg3 Red8 33. a4 a5 34. Rd1 Rd7
35. Qf3 Qb6 36. Nb5 1-0

[Event "España ch sub-12 2012"]
[Site "Salobreña ESP"]
[Date "2012.07.05"]
[Round "6.5"]
[White "Jausas Lopez, Andrea"]
[Black "Gimenez Aguirre, Alejo Ismael"]
[Result "0-1"]
[WhiteElo "1553"]
[BlackElo "1872"]
[PlyCount "78"]
[EventDate "2012.07.02"]
[EventType "swiss"]
[EventRounds "9"]
[EventCountry "ESP"]
[Source "lmi"]
[SourceDate "2012.07.02"]

1. e4 c5 2. Nf3 e6 3. d4 cxd4 4. Nxd4 Nf6 5. Nc3 Bb4 6. Bd3 Nc6 7. Nxc6 bxc6 8.
O-O O-O 9. Bg5 Be7 10. Be3 d5 11. exd5 exd5 12. Be2 Qc7 13. Qd2 Bd6 14. h3 Rb8
15. Rab1 Bb7 16. Bxa7 Ra8 17. Bd4 Bf4 18. Be3 Be5 19. Bd4 Bxd4 20. Qxd4 c5 21.
Qd1 d4 22. Nb5 Qc6 23. f3 Nd5 24. Qd2 Ne3 25. Rfe1 Qg6 26. Bd3 Qg5 27. Qf2 c4
28. Nxd4 Nxg2 29. Qxg2 Qc5 30. Bxh7+ Kxh7 31. Qf2 Ra6 32. Ne2 Rg6+ 33. Kf1 Qf5
34. Ng1 c3 35. Re3 Ba6+ 36. Ke1 Rxg1+ 37. Qxg1 Qxc2 38. Rd1 cxb2 39. Re2 Qxe2#
0-1

[Event "España ch sub-12 2012"]
[Site "Salobreña ESP"]
[Date "2012.07.05"]
[Round "6.6"]
[White "Escudero Manzano, Sergio"]
[Black "Diez Villace, Victor"]
[Result "1-0"]
[WhiteElo "1789"]
[BlackElo "1521"]
[PlyCount "91"]
[EventDate "2012.07.02"]
[EventType "swiss"]
[EventRounds "9"]
[EventCountry "ESP"]
[Source "lmi"]
[SourceDate "2012.07.02"]

1. e4 e6 2. c4 d5 3. exd5 exd5 4. cxd5 Qxd5 5. Nc3 Qd8 6. Bc4 Nf6 7. Qb3 Qd7 8.
Nf3 Bd6 9. O-O O-O 10. d4 c6 11. a4 Qc7 12. Bg5 Bg4 13. Ne5 Bh5 14. h3 Nfd7 15.
Nxd7 Nxd7 16. Ne4 Nb6 17. Rfe1 Nxc4 18. Qxc4 Rfe8 19. d5 Bg6 20. dxc6 Bxe4 21.
Rxe4 Rxe4 22. Qxe4 Qxc6 23. Qxc6 bxc6 24. Rc1 Rc8 25. Kf1 Bb4 26. Ke2 f6 27.
Bd2 Bxd2 28. Kxd2 Kf7 29. Re1 Re8 30. Rxe8 Kxe8 31. Kd3 Kd7 32. Kd4 Kd6 33. Kc4
f5 34. b4 g5 35. Kd4 a6 36. Kc4 h5 37. Kd4 Ke6 38. Kc5 Ke5 39. Kxc6 g4 40. b5
gxh3 41. gxh3 axb5 42. axb5 Kf4 43. b6 Kf3 44. b7 Kxf2 45. b8=Q Ke3 46. Qe5+
1-0

[Event "España ch sub-12 2012"]
[Site "Salobreña ESP"]
[Date "2012.07.05"]
[Round "6.7"]
[White "Cabrera Valverde, Cristina"]
[Black "Iglesias Feijoo, Alberto"]
[Result "1-0"]
[WhiteElo "1511"]
[BlackElo "1660"]
[PlyCount "43"]
[EventDate "2012.07.02"]
[EventType "swiss"]
[EventRounds "9"]
[EventCountry "ESP"]
[Source "lmi"]
[SourceDate "2012.07.02"]

1. e4 e6 2. d4 d5 3. Nc3 Bb4 4. e5 c5 5. a3 Bxc3+ 6. bxc3 Qc7 7. Nf3 Nc6 8. Bd3
cxd4 9. cxd4 Nxd4 10. Nxd4 Qc3+ 11. Qd2 Qc7 12. Bb5+ Bd7 13. Bxd7+ Kxd7 14. f4
f6 15. O-O Rc8 16. Qb4 a6 17. Rb1 b5 18. a4 Ne7 19. Ba3 Rhe8 20. axb5 a5 21.
Qd6+ Qxd6 22. Bxd6 1-0

[Event "España ch sub-12 2012"]
[Site "Salobreña ESP"]
[Date "2012.07.05"]
[Round "6.8"]
[White "Castillo Dalmau, Albert"]
[Black "Zapata Caparros, Sergio"]
[Result "1/2-1/2"]
[WhiteElo "1466"]
[BlackElo "1653"]
[PlyCount "61"]
[EventDate "2012.07.02"]
[EventType "swiss"]
[EventRounds "9"]
[EventCountry "ESP"]
[Source "lmi"]
[SourceDate "2012.07.02"]

1. c4 f5 2. g3 Nf6 3. Bg2 g6 4. Nc3 Bg7 5. Nf3 O-O 6. O-O d6 7. d4 Qe8 8. b3 h6
9. e3 g5 10. Ne1 Qg6 11. f4 g4 12. Bh1 Ne8 13. Bb2 c6 14. Qc2 e5 15. dxe5 dxe5
16. Ne2 e4 17. Bxg7 Qxg7 18. Qc3 Qxc3 19. Nxc3 Be6 20. Nc2 c5 21. Rfd1 Nf6 22.
Rd2 Nc6 23. Rad1 Rad8 24. Rxd8 Rxd8 25. Rxd8+ Nxd8 26. Bg2 Nc6 27. Bf1 h5 28.
Kf2 Kf7 29. Ke1 Ke7 30. Kd2 b6 31. a4 1/2-1/2